00721nam a2200217Ia 450000500170000000800410001702000290005804000190008704100120010608200160011810000280013424500850016226000390024730000100028665000280029665100280032485000110035294200070036399900170037095201160038720250526122216.0140110s9999 xx 000 0 und d a9788131306444cRs.695.00 aLoreto College aEnglish a370.1 bSID aSiddiqui, Mujibul Hasan aPhilosophical and Sociological Perspectives in EducationcMujibul Hasan Siddiqui aNew DelhibA.P.H. Publishingc2009 a288p. aPhilosophy of education aSociology and education aLCBED  cBK c36471d86950 00102ddc4070aMAINbMAINd2013-11-04l5o370.1 SID 14592pB39519r2014-11-18s2014-10-31w2013-11-04yBKf